| 000 | 00472nam a2200181Ia 4500 | ||
|---|---|---|---|
| 001 | 26278 | ||
| 003 | IN-NITTTR | ||
| 005 | 20251114233331.0 | ||
| 008 | 251113s9999||||xx |||||||||||||| ||eng|| | ||
| 040 | _beng | ||
| 040 | _cIN-NITTTR | ||
| 041 | _aeng | ||
| 082 | _a621.367 S61I | ||
| 100 | _aSinha, Divyendu | ||
| 245 | 0 |
_aIntroduction to computer-based imaging systems / _cSinha, Divyendu, Dougherty, Edward R. |
|
| 700 | _a Dougherty, Edward R. | ||
| 942 |
_2ddc _cBK |
||
| 999 |
_c28907 _d28907 |
||